000 00277nam a2200121Ia 4500
005 20251222141846.0
008 251222s9999||||xx |||||||||||||| ||spa||
082 _a913.852.7/S47/2003
100 _aShady SolĂ­s, Ruth
245 0 _aCaral Supe:
250 _a1ra.ed.
942 _cLIB
999 _c7587
_d7587